| 000 | 01206nam a2200361Ia 4500 | ||
|---|---|---|---|
| 001 | 056203 | ||
| 008 | 221003m2019 xx 000 0 spa d | ||
| 035 | _aCENDO_45856 | ||
| 041 | _aspa | ||
| 110 | 2 |
_aCCOO _bPensionistas _931066 |
|
| 245 | 1 | 0 |
_aRevalorizar las pensiones según el IPC : _ben defensa del sistema público de pensiones : [manifiesto del] 1 de Octubre, Día Internacional de las Personas Mayores / _cCCOO Pensionistas |
| 260 |
_aMadrid : _bCCOO Pensionistas, _c2019 |
||
| 300 |
_a4 p. ; _c 30 cm |
||
| 650 | 0 |
_aASISTENCIA MEDICA _9556 |
|
| 650 |
_aFORMACION _9418 |
||
| 650 |
_aVIVIENDA _9438 |
||
| 650 |
_aSOCIEDAD _91843 |
||
| 650 | 0 |
_aASISTENCIA A LAS PERSONAS DE EDAD AVANZADA _96542 |
|
| 650 |
_aASISTENCIA SOCIAL _91256 |
||
| 650 |
_aPRESTACIONES DE VEJEZ _9348 |
||
| 650 |
_aREGIMEN DE PENSIONES _9347 |
||
| 650 |
_aSERVICIOS PUBLICOS _9117 |
||
| 650 |
_aPOBREZA _9427 |
||
| 650 | 0 |
_aLUCHA CONTRA LA POBREZA _96367 |
|
| 650 | 0 |
_aDIA INTERNACIONAL DE LAS PERSONAS DE EDAD _939767 |
|
| 856 |
_zPDF _uhttp://docpublicos.ccoo.es/cendoc/056203Manifiesto.pdf |
||
| 901 | _a2 | ||
| 903 | _aNO | ||
| 904 | _a000 | ||
| 910 | _a2019 | ||
| 942 |
_cDOCU_ELEC _2ddc |
||
| 999 |
_c45855 _d45855 |
||